000 00916nam a2200253Ia 4500
003 GCL
008 140319s9999 xx 000 0 ara d
040 _aGCL /
_cGCL
082 0 4 _a401.1
_bر ف
100 1 _aاحمد حسين الصاوى
245 1 0 _aقصة الكتابة والطباعة: من الصخرة المنقوشة الى الصفحة المطبوعة /
_cاحمد حسين الصاوى
700 1 _aالسيد ابو النجا
700 1 _aروجرز، فرانسيس
700 1 _aزكى نجيب محمود
260 _a[S.N] :
_bمكتبة الانجلوالمصرية ،
_c1969
300 _a252 ص
490 _aمعالم الطريق: شخصيات واحداث غيرت مجرى ال
_v0
650 0 4 _aالحضارة
650 0 4 _aاللغة العربية
650 0 4 _aالطباعة
650 0 4 _aالنقوش
650 0 4 _aالكتابة، تاريخ
942 _2ddc
_cBK
999 _c37285
_d37285